Sports Quiz

Random Sports or NFL Quiz

NFL Passing Leaders by Draft Year Quiz Stats

Quiz Updated Jul 27, 2017

Also try: NFL Top 5 Passers
Challenge
Share
Tweet
Embed
Score 0/37 Timer 06:00
11 Plays Today
Year Drafted Quarterback % Correct
1998Peyton Manning
95.7%
2004Eli Manning
95.1%
2000Tom Brady
86.1%
1983Dan Marino
82.8%
1991Brett Favre
80.2%
2011Cam Newton
73.8%
2012Andrew Luck
71.9%
2001Drew Brees
70%
2015Jameis Winston
68.6%
2010Sam Bradford
68.1%
1999Donovan McNabb
61.7%
2008Matt Ryan
59.8%
2016Dak Prescott
57.4%
2013Geno Smith
55.7%
2009Matthew Stafford
51.9%
1989Troy Aikman
51.7%
2014Derek Carr
51.4%
2003Carson Palmer
48.2%
2006Jay Cutler
44.4%
Year Drafted Quarterback % Correct
1993Drew Bledsoe
42.9%
1987Vinny Testaverde
42.5%
2005Aaron Rodgers
32.6%
1995Kerry Collins
32.1%
1992Brad Johnson
30.1%
1985Randall Cunningham
26.1%
1984Boomer Esiason
25.5%
1990Jeff George
21.8%
2002David Garrard
16.3%
1997Jake Plummer
15.5%
1980Marc Wilson
14.3%
1982Jim McMahon
11.1%
1988Chris Chandler
10.2%
2007Trent Edwards
9.6%
1986Jim Everett
9.6%
1994Gus Frerotte
5%
1996Tony Banks
4.7%
1981Neil Lomax
4.3%

You're not logged in!

Compare scores with friends on all Sporcle quizzes.
Sign Up with Email
OR
Log In

You Might Also Like...

Show Comments

Extras

Top Quizzes Today


Score Distribution

Your Account Isn't Verified!

In order to create a playlist on Sporcle, you need to verify the email address you used during registration. Go to your Sporcle Settings to finish the process.

Report this User

Report this user for behavior that violates our Community Guidelines.

Details: